00849nam a22002297a 450000500170000001000150001702000260003203500130005803700130007108200130008410000170009724501160011425000110023026000430024127001030028430000260038750000190041370000170043294200270044999900170047695201260049320140314144716.0 aENG-109457 c240.00a9789350353547 aEN-92990 bDBAD/PUB a344.5401 aKumar, H.L. 00aPractical guide to industrial employment (standing orders) :cby H.L. Kumar [and] Gaurav Kumarbact and rules / a5th ed aDelhibUniversal Law Publishing c2013 aC-FF-1A, Dilkhush Industrial Estate, (Near Azadpur Metro Station) G.T. Karnal Road,bDelhie110033 axxii,190p.c24cm(pbk) aIncludes index aGaurav Kumar 2ddccENmKUMh344.5401 c82735d82735 001040718NFICaDBADbDBADd2014-02-25eDBAD/PUBg240.00l0o344.5401 KUMpEN-92990r2014-02-25 00:00:00t1v240.00yEN